000 00399nam a2200169Ia 4500
008 221030s9999 xx 000 0 und d
020 _a8185749647
041 _aEnglish
082 _a105.23
_bPan
100 _aS. K. Pandey
245 0 _aThinking In C++
_cby S. K. Pandey
250 _a6th
260 _bS.K. Kataria & Sons
_aDelhi
_c2006
300 _a350
650 _aBE Computer
942 _cBK
999 _c3813
_d3813